000 00480 a2200157 4500
003 OSt
005 20231103130422.0
008 231103b |||||||| |||| 00| 0 eng d
040 _coclc
082 _a297.54
_bZAY/L
100 _aZayas, Farishta G. de
_99826
245 _aThe law and institution of Zakat /
_c Farishta G. de Zayas,
260 _aKaula Lumpur:
_bThe Other Press,
_c2003.
300 _a420p
942 _2ddc
_cBK
_h297.54
_iZAY/L
_k297.54
_mZAY/L
999 _c42782
_d42782